00573nam a2200181 a 45000010005000000030005000050050017000100080041000270400020000682450095000882600030001833000011002134900066002246500021002906500020003116500034003317000026003655073CDMR20131018113521.0130130s1958||||||||||||||||||||||||||||d aCDMRbcatcCDMR 3aLa presse de province sous la Troisième Républiquecsous la direction de Jaques Kayser aParisc1958bArmand Colin a243 p.0 aCahiers de la Fondation Nationale des Sciences Politiquesv9204aPremsazFrança04aPremsa comarcal04aPremsa i políticazFrança1 aKayser, Jacquesedir.